mysqli: Table './ulib62015/stat_globaluid' is marked as crashed and should be repaired
select id from stat_globaluid where statuid='20260517200525_3361'
mysqli: Table './ulib62015/stat_globaluid' is marked as crashed and should be repaired
DELETE FROM stat_globaluid
WHERE id NOT IN (
SELECT id
FROM (
SELECT id
FROM stat_globaluid
ORDER BY id DESC
LIMIT 100
) foo
);
mysqli: Table './ulib62015/stat_globaluid' is marked as crashed and should be repaired
insert into stat_globaluid set
statuid='20260517200525_3361',
dt='1779023125',
phpself='/ULIB62015/dublinfull.php',
agent='Mozilla/5.0 AppleWebKit/537.36 (KHTML, like Gecko; compatible; ClaudeBot/1.0; +claudebot@anthropic.com)',
yea='2026',
mon='5',
dat='17',
ip='216.73.216.45'
mysqli: Table './ulib62015/stathist_viewbib_bib_type' is marked as crashed and should be repaired
insert into stathist_viewbib_bib_type set
dat='17' ,
mon='05' ,
yea='2026' ,
statuid='20260517200525_3361' ,
head='13399120317' ,
foot='marc' ,
dt='1779023125'
| LEADER : 00000nam 2200000uu 4500 |
| 001 13399120317 |
| 003 ULIB |
| 008 020711s2555 th a 000 0 tha d |
| 020 9786160810123 |
| 060 TR256 ม962 |
| 100 ไม้หลัก |
| 245 Basic dramatic photography |
| 260 ^bซีเอ็ดยูเคชั่น,^c2555 |
| 300 228 หน้า |
| 945 ^p399^l0^i019380
|
| 945 ^p0^l0^i019381
|
| 945 ^p0^l0^i019382
|
| 945 ^p0^l0^i019383
|
| 945 ^p0^l0^i019384 |
| คุณยังไม่ได้ล็อกอิน คุณสามารถมีกิจกรรมร่วมกับเว็บไซต์ได้ แต่ต้องล็อกอินก่อน :: |
|
|
|
| ลำดับที่ |
ประเภท |
เลขเรียก/บาร์โค้ด |
สถานที่ |
สถานะ |
| 1. |
 หนังสือ สถานะ=ส่งซ่อม | TR256 ม962 2555 ฉ.1 Barcode: 019380 | ห้องซ่อม | บนชั้น |
| 2. |
 หนังสือ สถานะ=ส่งซ่อม | TR256 ม962 2555 ฉ.2 Barcode: 019381 | ห้องซ่อม | บนชั้น |
| 3. |
 หนังสือ | TR256 ม962 2555 ฉ.3 Barcode: 019382 | หนังสือทั่วไป | บนชั้น ขอยืม |
| 4. |
 หนังสือ | TR256 ม962 2555 ฉ.4 Barcode: 019383 | หนังสือทั่วไป | บนชั้น ขอยืม |
| 5. |
 หนังสือ | TR256 ม962 2555 ฉ.5 Barcode: 019384 | หนังสือทั่วไป | บนชั้น ขอยืม |
|
ยังไม่เคยถูกคอมเมนท์
|
| คอมเมนท์ทรัพยากรรายการนี้ |
|